MARC details
| 000 -CABECERA |
| campo de control de longitud fija |
01660cam a2200409 a 4500 |
| 003 - IDENTIFICADOR DEL NÚMERO DE CONTROL |
| campo de control |
CHAP |
| 005 - FECHA Y HORA DE LA ÚLTIMA TRANSACCIÓN |
| campo de control |
20220329142445.0 |
| 008 - DATOS DE LONGITUD FIJA--INFORMACIÓN GENERAL |
| campo de control de longitud fija |
010314d1997 mx bd r 10100 spa d |
| 010 ## - NÚMERO DE CONTROL DE LA BIBLIOTECA DEL CONGRESO |
| Número de control de LC |
83761 |
| 011 ## - ENLACE DEL NUMERO DE CONTROL DE LA BIBLIOTECA DEL CONGRESO [OBSOLETO] |
| Número de control de LC |
84733 |
| 035 ## - NÚMERO DE CONTROL DEL SISTEMA |
| Número de control de sistema |
95259 |
| 040 ## - FUENTE DE LA CATALOGACIÓN |
| Centro/agencia transcriptor |
CHAP |
| 090 ## - LOCALMENTE ASIGNADO TIPO-LC NÚMERO DE CLASIFICACIÓN (OCLC); NÚMERO DE CLASIFICACIÓN LOCAL (RLIN) |
| Número de clasificación (OCLC) (R) ; Numero de clasificación, CALL (RLIN) (NR) |
Folleto 16179 |
| 111 00 - ENTRADA PRINCIPAL--NOMBRE DE CONGRESO/REUNIÓN |
| Nombre de congreso/reunión o jurisdicción como elemento de entrada |
Día del Ganadero del Campo Experimental La Posta |
| Número del congreso/reunión o número de parte o sección |
(25 : |
| Fecha del congreso/reunión |
1997 : |
| Sede del congreso/Lugar de la reunión |
Paso del Toro, Ver.) |
| 9 (RLIN) |
33345 |
| 245 10 - MENCIÓN DE TÍTULO |
| Título |
Alternativas para optimizar la producción de carne y leche en el trópico |
| Mención de responsabilidad, etc. |
/por INIFAP. Centro de Investigación Regional del Golfo Centro. Campo Experimental La Posta |
| 260 ## - PUBLICACIÓN, DISTRIBUCIÓN, ETC. |
| Lugar de publicación, distribución, etc. |
Paso del Toro, Ver. : |
| Nombre del editor, distribuidor, etc. |
INIFAP. Centro de Investigación Regional del Golfo Centro. Campo Experimental La Posta, |
| Fecha de publicación, distribución, etc. |
1997. |
| 300 ## - DESCRIPCIÓN FÍSICA |
| Extensión |
59 p. : |
| Otras características físicas |
gráfs. ; mapa ; cuadros ; diagrama |
| 410 21 - MENCIÓN DE SERIE/PUNTO DE ACCESO ADICIONAL--ENTIDAD CORPORATIVA [OBSOLETO, CAN/MARC], [LOCAL, USA] |
| Nombre de entidad corporativa o nombre de jurisdicción como elemento de entrada |
INIFAP. Campo Experimental La Posta |
| 490 #0 - MENCIÓN DE SERIE |
| Mención de serie |
Memoria técnica |
| Designación de volumen o secuencia |
; 4 |
| 590 ## - NOTA LOCAL (RLIN) |
| Nota local |
BATCH-UPD |
| Procedencia (VM) [OBSOLETO] |
10 |
| Condición del los carretes individuales (VM) [OBSOLETO] |
20130110 |
| -- |
UCH01 |
| -- |
0345 |
| 590 ## - NOTA LOCAL (RLIN) |
| Nota local |
BATCH-UPD |
| Procedencia (VM) [OBSOLETO] |
10 |
| Condición del los carretes individuales (VM) [OBSOLETO] |
20130110 |
| -- |
UCH01 |
| -- |
1959 |
| 590 ## - NOTA LOCAL (RLIN) |
| Nota local |
BATCH-UPD |
| Procedencia (VM) [OBSOLETO] |
10 |
| Condición del los carretes individuales (VM) [OBSOLETO] |
20130410 |
| -- |
UCH01 |
| -- |
0018 |
| 590 ## - NOTA LOCAL (RLIN) |
| Nota local |
BATCH-UPD |
| Procedencia (VM) [OBSOLETO] |
10 |
| Condición del los carretes individuales (VM) [OBSOLETO] |
20130410 |
| -- |
UCH01 |
| -- |
1459 |
| 590 ## - NOTA LOCAL (RLIN) |
| Nota local |
BATCH-UPD |
| Procedencia (VM) [OBSOLETO] |
10 |
| Condición del los carretes individuales (VM) [OBSOLETO] |
20130914 |
| -- |
UCH01 |
| -- |
0847 |
| 590 ## - NOTA LOCAL (RLIN) |
| Nota local |
CONVERSION |
| Procedencia (VM) [OBSOLETO] |
10 |
| Condición del los carretes individuales (VM) [OBSOLETO] |
20130109 |
| -- |
UCH01 |
| -- |
1347 |
| 650 14 - PUNTO DE ACCESO ADICIONAL DE MATERIA--TÉRMINO DE MATERIA |
| Término de materia o nombre geográfico como elemento de entrada |
Carne |
| Subdivisión general |
Producción. |
| 9 (RLIN) |
19109 |
| 650 14 - PUNTO DE ACCESO ADICIONAL DE MATERIA--TÉRMINO DE MATERIA |
| Término de materia o nombre geográfico como elemento de entrada |
Ganadería |
| Subdivisión general |
Investigación |
| -- |
Veracruz. |
| 9 (RLIN) |
44802 |
| 650 14 - PUNTO DE ACCESO ADICIONAL DE MATERIA--TÉRMINO DE MATERIA |
| Término de materia o nombre geográfico como elemento de entrada |
Ganadería |
| Subdivisión general |
Trópicos. |
| 9 (RLIN) |
44856 |
| 650 14 - PUNTO DE ACCESO ADICIONAL DE MATERIA--TÉRMINO DE MATERIA |
| Término de materia o nombre geográfico como elemento de entrada |
Ganadería |
| Subdivisión geográfica |
Veracruz. |
| 9 (RLIN) |
44870 |
| 650 14 - PUNTO DE ACCESO ADICIONAL DE MATERIA--TÉRMINO DE MATERIA |
| Término de materia o nombre geográfico como elemento de entrada |
Leche |
| Subdivisión general |
Producción. |
| 9 (RLIN) |
65400 |
| 810 00 - PUNTO DE ACCESO ADICIONAL DE SERIE--NOMBRE DE ENTIDAD CORPORATIVA |
| Nombre de entidad corporativa o nombre de jurisdicción como elemento de entrada |
INIFAP. Campo Experimental La Posta |
| 9 (RLIN) |
58672 |
| 830 00 - PUNTO DE ACCESO ADICIONAL DE SERIE-TÍTULO UNIFORME |
| Título uniforme |
Memoria técnica |
| Designación de volumen o secuencia |
; 4 |
| 9 (RLIN) |
74512 |
| 901 ## - ELEMENTOS DE DATOS A LOCAL LDA (RLIN) |
| a |
BK |
| 905 ## - ELEMENTOS DE DATOS E LOCAL, LDE (RLIN) |
| a |
Marco A. Mendoza T. |
| 942 ## - ELEMENTOS DE PUNTO DE ACCESO ADICIONAL (KOHA) |
| Tipo de ítem Koha |
Folleto |
| 949 ## - PROCESAMIENTO DE INFORMACIÓN LOCAL (OCLC) |
| a |
Folleto 16179 |
| b |
BC |
| c |
FOLL |
| d |
33724002011017 |
| e |
TS1 |
| i |
95259 |
| s |
b |